000 00364nam a2200169Ia 4500
003 0STCL
008 150530s9999 xx 000 0 und d
040 _aSTCL
_cSTCL
100 _aBorn, M.; Dougall, J.
245 _aAtomic physics
250 _aSixth
260 _c1963
546 _aEnglish
942 _2ddc
_cBK
999 _c31313
_d31313
005 20220125170222.0